साहित्य, संस्कृति और समाज परिवर्तन की प्रक्रिया / (Record no. 51419)
[ view plain ]
| 000 -LEADER | |
|---|---|
| fixed length control field | 01594nam a22002897a 4500 |
| 005 - DATE AND TIME OF LATEST TRANSACTION | |
| control field | 20101011141328.0 |
| 008 - FIXED-LENGTH DATA ELEMENTS--GENERAL INFORMATION | |
| fixed length control field | 100928t xxu||||| |||| 00| 0 hin d |
| 010 ## - LCCN (DPL NO) | |
| LC control number | HIN-92213 |
| 020 ## - INTERNATIONAL STANDARD BOOK NUMBER | |
| Terms of availability | 190.00 |
| International Standard Book Number | 9788173094514 |
| 035 ## - SYSTEM CONTROL NUMBER | |
| System control number | HN-64559 |
| 037 ## - SOURCE OF ACQUISITION | |
| Source of stock number/acquisition | DBAD / PUB |
| 040 ## - CATALOGING SOURCE | |
| Original cataloging agency | DPL |
| Language of cataloging | HN |
| 082 ## - DEWEY DECIMAL CLASSIFICATION NUMBER | |
| Classification number | 824 |
| 100 ## - MAIN ENTRY--PERSONAL NAME | |
| 9 (RLIN) | 22145 |
| Personal name | वात्स्यायन, सच्चिदानंद हीरानंद 'अज्ञेय' |
| 245 ## - TITLE STATEMENT | |
| Title | साहित्य, संस्कृति और समाज परिवर्तन की प्रक्रिया / |
| Statement of responsibility, etc | सच्चिदानंद हीरानंद वात्स्यायन 'अज्ञेय'; कृष्णदत्त पालीवाल द्वारा संपादित |
| 246 ## - VARYING FORM OF TITLE | |
| Title proper/short title | Sahitya, Sanskriti or samaj parivartan ki prakriya |
| Remainder of title | by S.H. Vatsyayan ' Ajneya' |
| 260 ## - PUBLICATION, DISTRIBUTION, ETC. (IMPRINT) | |
| Place of publication, distribution, etc | नई दिल्ली |
| Name of publisher, distributor, etc | सस्ता साहित्य मण्डल |
| Date of publication, distribution, etc | 2010 |
| 270 ## - ADDRESS | |
| Address | एन-77, पहली मंजिल, कनॉट सर्कस |
| City | नई दिल्ली |
| Postal code | 110001 |
| 300 ## - PHYSICAL DESCRIPTION | |
| Extent | 168पृ. |
| Dimensions | 22सेमी (सजिल्द) |
| 650 ## - SUBJECT ADDED ENTRY--TOPICAL TERM | |
| 9 (RLIN) | 1169 |
| Topical term or geographic name as entry element | हिन्दी निबंध |
| 650 ## - SUBJECT ADDED ENTRY--TOPICAL TERM | |
| 9 (RLIN) | 22409 |
| 700 ## - ADDED ENTRY--PERSONAL NAME | |
| 9 (RLIN) | 22273 |
| Personal name | पालीवाल, कृष्णदत्त |
| 700 ## - ADDED ENTRY--PERSONAL NAME | |
| 9 (RLIN) | 1253 |
| 700 ## - ADDED ENTRY--PERSONAL NAME | |
| 9 (RLIN) | 22352 |
| 942 ## - ADDED ENTRY ELEMENTS (KOHA) | |
| Source of classification or shelving scheme | Dewey Decimal Classification |
| Item type | Hindi Books |
| Classification part | 824 |
| Call number suffix | वात्स्याय |
| Withdrawn status | Lost status | Source of classification or shelving scheme | Damaged status | Not for loan | Collection code | Home library | Current library | Date acquired | Source of acquisition | Cost, normal purchase price | Total Checkouts | Full call number | Barcode | Date last seen | Copy number | Cost, replacement price | Koha item type |
|---|---|---|---|---|---|---|---|---|---|---|---|---|---|---|---|---|---|
| Dewey Decimal Classification | Not For Loan | Non-fiction | D.B.Act.Division | D.B.Act.Division | 04/04/2011 | DBAD /PUB | 190.00 | 824 वात्स्याय | HN-64559 | 04/04/2011 | 1 | 190.00 | Hindi Books |
